000 00443nam a22001571a 4500
020 _a9780747523802
082 _a781.680 3
_bROB/U
245 _aThe Ultimate Encyclopedia of Classical Music/
_c by Ainsley Robert (ed.)
260 _aLondon:
_bCarlton,
_c1995.
300 _a272p.
650 _aEncyclopaedia Classical Music
_991594
650 _aMusic
_991595
650 _aArts
_991596
700 _aAinsley Robert (ed.)
_991597
942 _cREF
999 _c47989
_d47989